000 00723nam a22001817a 4500
999 _c27550
_d27550
003 BDDh-ASL
005 20231015030759.0
008 211104s2008 b ||||| |||| 00| 0 b d
040 _aBDDh-ASL
_cBDDh-ASL
082 _a324.2549
_bRAJ
100 1 _95731
_aরায়, সুভাষ সিংহ
245 1 0 _aজনতার চোখে আওয়ামী লীগ /
246 _aJonotar Chokhe Awami League (A collection of Political Essayes) by Suvas Singho Roy.
260 _aঢাকা :
_bপারিজাত প্রকাশনী,
_c2008.
300 _a87 p. :
_c22 cm.
650 0 _91774
_aবাংলাদেশ আওয়ামী লীগ (Bangladesh Awami League)
942 _2ddc
_cBK